[Event "LSS WC-2009-F-00008"]
[Site "LSS email"]
[Date "2009.11.03"]
[Round "?"]
[White "Plagnaud, Jean Luc"]
[Black "De Waele, Willy"]
[Result "1/2-1/2"]
[WhiteElo "1988"]
[BlackElo "1925"]
[PlyCount "95"]
[EventDate "2009.11.08"]
[EventType "tourn (corr)"]
[EventRounds "10"]
[EventCountry "GER"]
[SourceTitle "Corr 2013"]
[Source "ChessBase"]
[SourceDate "2012.11.12"]
[SourceVersion "1"]
[SourceVersionDate "2012.11.12"]
[SourceQuality "1"]
[WhiteTeam "US of America"]
[BlackTeam "US of America"]
[WhiteTeamCountry "USA"]
[BlackTeamCountry "USA"]

1. d4 d5 2. Nf3 Nf6 3. e3 e6 4. Bd3 c5 5. c3 Nc6 6. Nbd2 Bd6 7. 0-0 0-0 8. Qe2 e5 9. dxc5 Bxc5 10. e4 Be6 11. b4 Bb6 12. a4 a6 13. Bb2 d4 14. b5 dxc3 15. Bxc3 axb5 16. axb5 Rxa1 17. Bxa1 Nd4 18. Bxd4 Bxd4 19. Bc4 Qc7 20. Bxe6 fxe6 21. Nb3 Bb6 22. Rc1 Qd6 23. Nbd2 Ng4 24. Rf1 Bxf2+ 25. Rxf2 Qc5 26. h3 Nxf2 27. Qxf2 Qxb5 28. Kh2 h6 29. Qa7 Rc8 30. Qa2 Qa6 31. Qb2 Rc5 32. Nxe5 Qb5 33. Qxb5 Rxb5 34. Nd3 Ra5 35. Nf3 b5 36. Kg1 Ra4 37. e5 Ra3 38. Nfe1 Ra2 39. Nb4 Re2 40. Ned3 Kf7 41. Kf1 Re4 42. Kf2 Rc4 43. Ke3 h5 44. g3 g5 45. Na6 Rc2 46. Nab4 Rg2 47. Kf3 Rd2 48. Ke3 1/2-1/2

[Event "LSS WC-2008-F-00007"]
[Site "LSS email"]
[Date "2008.11.12"]
[Round "?"]
[White "Baroin, Bernard"]
[Black "Plagnaud, Jean Luc"]
[Result "1/2-1/2"]
[WhiteElo "1970"]
[BlackElo "1983"]
[PlyCount "50"]
[EventDate "2008.11.12"]
[EventType "tourn (corr)"]
[EventRounds "14"]
[EventCountry "GER"]
[SourceTitle "Corr 2011"]
[Source "ChessBase"]
[SourceDate "2010.08.31"]
[SourceVersion "1"]
[SourceVersionDate "2010.08.31"]
[SourceQuality "1"]

1. e4 e5 2. Nf3 Nc6 3. d4 exd4 4. Nxd4 Qh4 5. Nc3 Bb4 6. Be2 Bxc3+ 7. bxc3 Qxe4 8. Nb5 Kd8 9. 0-0 a6 10. Nd4 Nxd4 11. cxd4 Nf6 12. Bf3 Qf5 13. c4 Re8 14. c5 a5 15. Re1 Rxe1+ 16. Qxe1 Ra6 17. Bd2 Re6 18. Qc1 b6 19. cxb6 Rxb6 20. d5 Nxd5 21. Bxa5 Rb5 22. Bd2 Qe5 23. a4 Rb3 24. h3 d6 25. a5 Ba6 1/2-1/2

[Event "LSS WC-2008-F-00007"]
[Site "LSS email"]
[Date "2008.11.12"]
[Round "?"]
[White "Luers, Charles J"]
[Black "Plagnaud, Jean Luc"]
[Result "0-1"]
[WhiteElo "1888"]
[BlackElo "1974"]
[PlyCount "62"]
[EventDate "2008.11.12"]
[EventType "tourn (corr)"]
[EventRounds "14"]
[EventCountry "GER"]
[SourceTitle "Corr 2011"]
[Source "ChessBase"]
[SourceDate "2010.08.31"]
[SourceVersion "1"]
[SourceVersionDate "2010.08.31"]
[SourceQuality "1"]

1. e4 e5 2. Nf3 Nc6 3. Bb5 a6 4. Ba4 g6 5. c3 d6 6. d4 Bd7 7. 0-0 Bg7 8. d5 Nce7 9. c4 h6 10. Nc3 f5 11. Qb3 Bxa4 12. Nxa4 fxe4 13. Nd2 Nf6 14. Qxb7 0-0 15. Nc3 e3 16. fxe3 Nf5 17. Rf3 Qe7 18. Nf1 Nh4 19. Rh3 Ng4 20. e4 Qf7 21. Be3 Nxe3 22. Nxe3 Rab8 23. Qxa6 Qf2+ 24. Kh1 Nxg2 25. Ng4 Qxb2 26. Rg1 h5 27. Nd1 Qe2 28. Rg3 Nh4 29. Re3 Qc2 30. c5 Nf3 31. Re2 Qb1 0-1

[Event "LSS WC-2008-F-00007"]
[Site "LSS email"]
[Date "2008.11.12"]
[Round "?"]
[White "Petersen, Hans"]
[Black "Plagnaud, Jean Luc"]
[Result "0-1"]
[WhiteElo "1867"]
[BlackElo "1972"]
[PlyCount "90"]
[EventDate "2008.11.12"]
[EventType "tourn (corr)"]
[EventRounds "14"]
[EventCountry "GER"]
[SourceTitle "Corr 2011"]
[Source "ChessBase"]
[SourceDate "2010.08.31"]
[SourceVersion "1"]
[SourceVersionDate "2010.08.31"]
[SourceQuality "1"]

1. d4 d5 2. c4 e6 3. Nc3 c6 4. Nf3 dxc4 5. a4 Bb4 6. e3 b5 7. Bd2 Qe7 8. axb5 Bxc3 9. Bxc3 cxb5 10. d5 Nf6 11. d6 Qb7 12. Bxf6 gxf6 13. Qd4 Nd7 14. Qg4 Qb6 15. Qg7 Rf8 16. Be2 Qxd6 17. 0-0 Bb7 18. Qxh7 Qc7 19. Rfd1 Ke7 20. Qh4 Rg8 21. Rd4 Rh8 22. Qg3 Qxg3 23. fxg3 Nc5 24. Rad1 e5 25. R4d2 Rhd8 26. Nh4 Be4 27. Nf3 a5 28. Kf2 a4 29. g4 Rdc8 30. g5 a3 31. bxa3 c3 32. gxf6+ Kxf6 33. Rd6+ Ke7 34. Rb6 c2 35. Re1 Nd7 36. Rxb5 c1Q 37. Rxc1 Rxc1 38. Nxe5 Rc2 39. Nxd7 Kxd7 40. Rb3 f5 41. h4 Ra2 42. Rb4 Rc8 43. Rd4+ Ke7 44. Ke1 Rcc2 45. g4 Rxe2+ 0-1

[Event "LSS RA-2008-0-00021"]
[Site "LSS email"]
[Date "2008.08.27"]
[Round "?"]
[White "Plagnaud, Jean Luc"]
[Black "Sacerdotali, Sergio"]
[Result "1/2-1/2"]
[WhiteElo "1980"]
[BlackElo "2095"]
[PlyCount "165"]
[EventDate "2008.08.24"]
[EventType "tourn (corr)"]
[EventRounds "6"]
[EventCountry "GER"]
[SourceTitle "Corr 2011"]
[Source "ChessBase"]
[SourceDate "2010.08.31"]
[SourceVersion "1"]
[SourceVersionDate "2010.08.31"]
[SourceQuality "1"]

1. d4 Nf6 2. Nf3 e6 3. e3 c5 4. Bd3 b6 5. c4 Bb7 6. Nc3 Bd6 7. 0-0 Nc6 8. a3 h6 9. b3 Qb8 10. Bb2 0-0 11. Ne4 Nxe4 12. Bxe4 f5 13. Bc2 a5 14. Qd2 a4 15. dxc5 bxc5 16. b4 cxb4 17. axb4 a3 18. Bc3 Nxb4 19. Bxb4 Bxb4 20. Qxb4 Bxf3 21. Qxb8 Rfxb8 22. gxf3 Rb2 23. Bd3 a2 24. c5 Rd2 25. Bc4 Rc2 26. Bb5 Rxc5 27. Bxd7 Kf7 28. Rfd1 Ke7 29. Rd4 Rc2 30. Ba4 Rb2 31. Kg2 Rd8 32. Rxd8 Kxd8 33. f4 Ke7 34. h4 Kd8 35. h5 Ke7 36. Kg3 Kf8 37. f3 Kf7 38. e4 Ke7 39. exf5 exf5 40. Bc6 Kd6 41. Be8 Ke6 42. Bg6 Kf6 43. Bh7 g5 44. fxg5+ hxg5 45. h6 g4 46. Bg8 gxf3 47. Kxf3 Kg6 48. h7 Kg7 49. Kf4 Rf2+ 50. Ke5 Re2+ 51. Kxf5 Kh8 52. Kf4 Rf2+ 53. Ke3 Rh2 54. Kd3 Rb2 55. Kc3 Rh2 56. Kb3 Rd2 57. Rh1 Rh2 58. Ra1 Rd2 59. Ka3 Rh2 60. Bxa2 Rxh7 61. Rg1 Rg7 62. Rf1 Rb7 63. Bb3 Kg7 64. Kb2 Rc7 65. Rf4 Rc8 66. Bc4 Rf8 67. Re4 Kf6 68. Kc3 Rd8 69. Re6+ Kf5 70. Re1 Kf4 71. Bd3 Rc8+ 72. Kd2 Rd8 73. Re3 Rd4 74. Re8 Rd6 75. Ke2 Rd4 76. Re7 Ra4 77. Rf7+ Ke5 78. Rf5+ Ke6 79. Ke3 Rb4 80. Ra5 Kd6 81. Be4 Rb8 82. Ra6+ Ke5 83. Ra5+ 1/2-1/2

[Event "LSS WC-2012-P-00008"]
[Site "LSS email"]
[Date "2008.02.15"]
[Round "?"]
[White "Plagnaud, Jean Luc"]
[Black "Rosso, Pier Andrea"]
[Result "0-1"]
[WhiteElo "1975"]
[BlackElo "2367"]
[PlyCount "80"]
[EventDate "2008.02.15"]
[EventType "tourn (corr)"]
[EventRounds "6"]
[EventCountry "GER"]
[SourceTitle "Corr 2013"]
[Source "ChessBase"]
[SourceDate "2012.11.12"]
[SourceVersion "1"]
[SourceVersionDate "2012.11.12"]
[SourceQuality "1"]
[WhiteTeam "US of America"]
[BlackTeam "US of America"]
[WhiteTeamCountry "USA"]
[BlackTeamCountry "USA"]

1. d4 Nf6 2. Nf3 g6 3. c4 Bg7 4. Nc3 d5 5. Bg5 Ne4 6. cxd5 Nxc3 7. bxc3 Qxd5 8. e3 c5 9. Be2 Nc6 10. 0-0 cxd4 11. cxd4 0-0 12. a4 Bf5 13. Rc1 Rac8 14. Bb5 h6 15. Bxc6 Rxc6 16. Rxc6 Qxc6 17. Bxe7 Rc8 18. d5 Qc4 19. d6 Bd7 20. Qb1 b6 21. a5 b5 22. Nd2 Qc2 23. Ne4 f5 24. Nf6+ Bxf6 25. Bxf6 Qxb1 26. Rxb1 Rc2 27. h3 Kf7 28. Bd4 a6 29. Bb2 b4 30. Be5 Ke6 31. Bg7 Rc4 32. Bf8 h5 33. Rb2 Kf7 34. Bh6 Ba4 35. Kf1 Ke6 36. Bf8 Kd7 37. Rd2 Bc2 38. Bg7 Rc5 39. Bd4 b3 40. Ke2 Rxa5 0-1

[Event "LSS RH-2007-0-00078"]
[Site "LSS email"]
[Date "2007.07.29"]
[Round "?"]
[White "Plagnaud, Jean Luc"]
[Black "Zielinski, Sergej"]
[Result "0-1"]
[WhiteElo "2013"]
[BlackElo "2181"]
[PlyCount "138"]
[EventDate "2007.07.29"]
[EventType "tourn (corr)"]
[EventRounds "6"]
[EventCountry "GER"]
[SourceTitle "Corr 2024"]
[Source "ChessBase"]
[SourceDate "2023.10.19"]
[SourceVersion "1"]
[SourceVersionDate "2023.10.19"]
[SourceQuality "1"]

1. d4 d5 2. Nf3 Nf6 3. e3 e6 4. Bd3 c5 5. c3 Nc6 6. Nbd2 Bd6 7. 0-0 0-0 8. dxc5 Bxc5 9. e4 Qc7 10. exd5 exd5 11. Nb3 Bb6 12. Bg5 Ne4 13. Be3 Bg4 14. Bxb6 Qxb6 15. Bc2 Rfe8 16. h3 Bh5 17. Qd3 Re7 18. Rae1 Rae8 19. Nfd4 Bg6 20. Qd1 f6 21. Re2 Ne5 22. Rfe1 Kf8 23. g3 f5 24. Kg2 Qc7 25. Nb5 Qd8 26. N3d4 a6 27. Na3 Qb8 28. Re3 Nc6 29. Bb3 f4 30. gxf4 Bf7 31. Qf3 Nxd4 32. cxd4 Re6 33. Bc2 Rg6+ 34. Kh1 Rh6 35. Bxe4 dxe4 36. Qg4 Qd8 37. Nc2 Be6 38. Qg2 Bf5 39. Kh2 Qd7 40. Rg3 Ree6 41. Ree3 Qc7 42. Ne1 Reg6 43. Rxg6 Rxg6 44. Qf1 Qxf4+ 45. Kh1 Qh6 46. Kh2 Rb6 47. b3 Qd6+ 48. Rg3 Qxd4 49. Ng2 Rc6 50. Ne3 Be6 51. Qe1 Kf7 52. Qe2 g6 53. f3 Ke7 54. fxe4 Qxe4 55. Qd2 Rd6 56. Qb2 Qf4 57. Qg2 Ke8 58. Qe2 Qe5 59. Qc2 Rd4 60. Kg2 Bd7 61. Nf1 Bc6+ 62. Kg1 Qd5 63. Qe2+ Kd8 64. a4 Rd1 65. h4 Qh1+ 66. Kf2 Rxf1+ 67. Qxf1 Qh2+ 68. Rg2 Qxg2+ 69. Qxg2 Bxg2 0-1

[Event "LSS ZI-2007-0-00066"]
[Site "LSS email"]
[Date "2007.01.26"]
[Round "?"]
[White "Plagnaud, Jean Luc"]
[Black "Vecsei, Vilmos"]
[Result "1-0"]
[WhiteElo "1981"]
[BlackElo "1900"]
[PlyCount "129"]
[EventDate "2007.01.25"]
[EventType "match (corr)"]
[EventRounds "2"]
[EventCountry "GER"]
[SourceTitle "Corr 2024"]
[Source "ChessBase"]
[SourceDate "2023.10.19"]
[SourceVersion "1"]
[SourceVersionDate "2023.10.19"]
[SourceQuality "1"]

1. d4 Nf6 2. Nf3 e6 3. e3 d5 4. Bd3 c5 5. c3 c4 6. Bc2 Nbd7 7. Nbd2 Qc7 8. Qe2 Be7 9. 0-0 b5 10. e4 dxe4 11. Nxe4 Bb7 12. a4 b4 13. cxb4 Bxb4 14. Bd2 Bxd2 15. Nexd2 0-0 16. Rfc1 Nb6 17. a5 Nbd5 18. Nxc4 Nf4 19. Qd1 Qd8 20. Nce5 Bxf3 21. Nxf3 Qd6 22. g3 N4d5 23. Ne5 Rab8 24. Bd3 Nb4 25. Bf1 Nd7 26. Nc4 Qe7 27. Ne3 Nf6 28. Bg2 Rfd8 29. Rc4 Rb5 30. Rac1 Rxa5 31. Rc7 Qf8 32. Nc4 Rb5 33. Rxa7 Qe8 34. Bf3 e5 35. Nxe5 Rxe5 36. dxe5 Rxd1+ 37. Rxd1 Qxe5 38. Rd8+ Ne8 39. Raa8 Kf8 40. Kf1 Qb5+ 41. Be2 Qc6 42. Rxe8+ Qxe8 43. Rxe8+ Kxe8 44. Bc4 Ke7 45. Ke2 f6 46. Ke3 Kd6 47. h4 Kc5 48. Bg8 h6 49. Ke4 Kd6 50. Kf5 Ke7 51. Bc4 Nc6 52. Bd5 Ne5 53. b4 g6+ 54. Ke4 Nd7 55. f4 Nb6 56. Bb3 Nc8 57. Kd5 Nd6 58. Bc2 g5 59. Bd3 Kd7 60. b5 gxf4 61. gxf4 Ne8 62. b6 Ng7 63. Bg6 Kc8 64. Kd6 Kb7 65. Ke7 1-0

[Event "IECG CB.2002.0.00027 email"]
[Site "IECG email"]
[Date "2002.01.23"]
[Round "?"]
[White "Plagnaud, Jean Luc"]
[Black "Garibaldi, Lucio Manuel"]
[Result "1-0"]
[WhiteElo "1933"]
[BlackElo "1914"]
[PlyCount "59"]
[EventDate "2002.01.23"]
[EventType "tourn (corr)"]
[EventRounds "6"]
[SourceTitle "Corr 2008"]
[Source "ChessBase"]
[SourceDate "2008.06.24"]
[SourceVersion "1"]
[SourceVersionDate "2008.06.24"]
[SourceQuality "1"]

1. d4 Nf6 2. Nf3 g6 3. c4 Bg7 4. Nc3 0-0 5. Bg5 c5 6. e3 d6 7. Be2 h6 8. Bh4 g5 9. Bg3 Nh5 10. dxc5 Nxg3 11. hxg3 dxc5 12. Qc2 e6 13. Rd1 Qe7 14. g4 Nc6 15. a3 b6 16. Ne4 f5 17. Ng3 Qf6 18. Rd6 fxg4 19. Nxg5 Qxg5 20. Rxc6 Be5 21. Rh5 Qg7 22. Rh4 Qf7 23. Rxg4+ Kh8 24. Bf3 Bb7 25. Rg6 Bxc6 26. Bxc6 Bxg3 27. Rxh6+ Kg8 28. Rg6+ Kh8 29. Rxg3 Rac8 30. Be4 1-0

[Event "IECG CB.2002.0.00027 email"]
[Site "IECG email"]
[Date "2002.01.23"]
[Round "?"]
[White "Plagnaud, Jean Luc"]
[Black "Smyth, Peter"]
[Result "1/2-1/2"]
[WhiteElo "1933"]
[BlackElo "1856"]
[PlyCount "51"]
[EventDate "2002.01.23"]
[EventType "tourn (corr)"]
[EventRounds "6"]
[SourceTitle "Corr 2008"]
[Source "ChessBase"]
[SourceDate "2008.06.24"]
[SourceVersion "1"]
[SourceVersionDate "2008.06.24"]
[SourceQuality "1"]

1. d4 g6 2. Nf3 Bg7 3. c4 d6 4. Nc3 Nf6 5. Bg5 h6 6. Bh4 g5 7. Bg3 Nh5 8. e3 g4 9. Nh4 Nxg3 10. hxg3 c5 11. d5 Qb6 12. Qd2 Nd7 13. Nf5 Bf6 14. Rxh6 Rxh6 15. Nxh6 Ne5 16. e4 Bd7 17. Nf5 0-0-0 18. 0-0-0 Rh8 19. Be2 Kb8 20. Rg1 Qa6 21. b3 Qa3+ 22. Kb1 Qa5 23. Rc1 Rh2 24. Bf1 Qd8 25. Ne3 Bg5 26. Ka1 1/2-1/2

[Event "IECG CB.2002.0.00027 email"]
[Site "IECG email"]
[Date "2002.01.23"]
[Round "?"]
[White "Vorobyev, Albert A"]
[Black "Plagnaud, Jean Luc"]
[Result "1-0"]
[WhiteElo "1959"]
[BlackElo "1933"]
[PlyCount "155"]
[EventDate "2002.01.23"]
[EventType "tourn (corr)"]
[EventRounds "6"]
[SourceTitle "Corr 2008"]
[Source "ChessBase"]
[SourceDate "2008.06.24"]
[SourceVersion "1"]
[SourceVersionDate "2008.06.24"]
[SourceQuality "1"]

1. d4 d5 2. c4 e6 3. Nf3 c6 4. e3 Nf6 5. Nc3 Nbd7 6. Bd3 dxc4 7. Bxc4 b5 8. Bd3 Bb7 9. e4 b4 10. Na4 c5 11. e5 Nd5 12. 0-0 cxd4 13. Re1 g6 14. Bb5 a6 15. Bg5 axb5 16. Bxd8 Rxd8 17. Nxd4 bxa4 18. Qxa4 Bg7 19. Nf3 0-0 20. Qb5 Ba8 21. Rad1 Nxe5 22. Nxe5 Rc8 23. Qa4 Rc7 24. Qb3 Rb8 25. Nd3 Bc6 26. Rc1 Rb6 27. Rc2 Ra7 28. Rec1 Bd7 29. Nc5 Bb5 30. Ne4 Bd7 31. h3 Ra8 32. Rc4 Bh6 33. R1c2 Bg7 34. g4 Rbb8 35. Nc5 Bb5 36. Re4 Rd8 37. Kh2 Bf8 38. Rc1 Bh6 39. Rc2 Bf8 40. Rxb4 Nxb4 41. Qxb4 Bc6 42. Qe1 Bf3 43. Kg3 Rd1 44. Qc3 Bh1 45. Rc1 Rxc1 46. Qxc1 Bd5 47. a3 Bd6+ 48. Kh4 f6 49. Nd7 Kg7 50. g5 fxg5+ 51. Kxg5 e5 52. Kh4 Rd8 53. Nb6 Be6 54. Qc6 Be7+ 55. Kg3 Rd3+ 56. f3 Bd6 57. Kf2 Kf6 58. Ke2 Rd4 59. Nd7+ Kf5 60. Ke3 Bc4 61. f4 Rd3+ 62. Kf2 Rd2+ 63. Ke1 Rd4 64. Nxe5 Be6 65. Ke2 Bxe5 66. fxe5 Re4+ 67. Kd3 Rh4 68. Qf3+ Rf4 69. Qb7 Kxe5 70. Qc7+ Kf5 71. Qxh7 Rf3+ 72. Kd4 Rf1 73. Qb7 Rf4+ 74. Kc5 Kf6 75. Qg2 Rf5+ 76. Kd6 Rh5 77. h4 Bf5 78. Qe2 1-0

[Event "IECG CB.2001.0.00016 email"]
[Site "IECG email"]
[Date "2001.10.03"]
[Round "1"]
[White "Draba, Henryk"]
[Black "Plagnaud, Jean Luc"]
[Result "0-1"]
[WhiteElo "1990"]
[BlackElo "1933"]
[PlyCount "84"]
[EventDate "2001.10.03"]
[EventType "tourn (corr)"]
[EventRounds "6"]
[SourceTitle "Corr 2024"]
[Source "ChessBase"]
[SourceDate "2023.10.19"]
[SourceVersion "1"]
[SourceVersionDate "2023.10.19"]
[SourceQuality "1"]

1. e4 e5 2. f4 exf4 3. Nf3 d5 4. exd5 Nf6 5. Bc4 Nxd5 6. 0-0 Be7 7. d4 Be6 8. Qe2 0-0 9. Nc3 c6 10. Nxd5 Bxd5 11. Bd3 Bxf3 12. Rxf3 Qxd4+ 13. Kh1 Bd6 14. Bd2 Qe5 15. Qxe5 Bxe5 16. Bxf4 Bxf4 17. Rxf4 Nd7 18. Re1 Rae8 19. Rfe4 Nf6 20. R4e2 Rxe2 21. Rxe2 Re8 22. g3 Rxe2 23. Bxe2 Kf8 24. Kg2 Ke7 25. Kf3 Kd6 26. h3 Ke5 27. Bd3 g6 28. g4 Nd5 29. g5 Nf4 30. Bf1 Ne6 31. Kg4 f5+ 32. gxf6 Kxf6 33. Kf3 Ke5 34. Bd3 Nf4 35. Bf1 h5 36. a3 g5 37. a4 Kf5 38. Kg3 a5 39. b3 Ke4 40. Bc4 Ke3 41. h4 gxh4+ 42. Kxh4 Kd2 0-1

[Event "IECG CB.2001.0.00016 email"]
[Site "IECG email"]
[Date "2001.10.03"]
[Round "1"]
[White "Kirpikov, Alexander"]
[Black "Plagnaud, Jean Luc"]
[Result "1-0"]
[WhiteElo "1900"]
[BlackElo "1933"]
[PlyCount "105"]
[EventDate "2001.10.03"]
[EventType "tourn (corr)"]
[EventRounds "6"]
[SourceTitle "Corr 2024"]
[Source "ChessBase"]
[SourceDate "2023.10.19"]
[SourceVersion "1"]
[SourceVersionDate "2023.10.19"]
[SourceQuality "1"]

1. Nf3 d5 2. g3 Nf6 3. Bg2 c6 4. 0-0 Bg4 5. c4 e6 6. b3 Bd6 7. Bb2 Nbd7 8. d4 0-0 9. Nbd2 Qc7 10. a3 b6 11. Re1 c5 12. e4 dxe4 13. Nxe4 Nxe4 14. Rxe4 Nf6 15. Rxg4 Nxg4 16. Ng5 Nf6 17. dxc5 bxc5 18. Bxa8 Rxa8 19. Bxf6 gxf6 20. Qf3 Rc8 21. Ne4 f5 22. Nxd6 Qxd6 23. Rd1 Qe7 24. Qf4 Qb7 25. Rd3 Qe7 26. Qd2 Rc7 27. Rd8+ Kg7 28. Qc3+ f6 29. Qd2 Rb7 30. Rd6 Kg6 31. b4 Rc7 32. b5 Kf7 33. Rd8 Kg7 34. a4 Kg6 35. a5 Kg7 36. b6 axb6 37. axb6 Rb7 38. Rd6 Kg6 39. Rc6 Rd7 40. Qe3 e5 41. h4 h6 42. Rxc5 Qd8 43. Rb5 Qa8 44. Qb3 Rb7 45. c5 Qe8 46. Qc4 Qc6 47. Qg8+ Rg7 48. h5+ Kxh5 49. Qxg7 Qxb5 50. b7 Qb1+ 51. Kh2 Qc2 52. g4+ fxg4 53. Qxf6 1-0

[Event "IECG CP.2001.P.00022"]
[Site "IECG email"]
[Date "2001.10.01"]
[Round "?"]
[White "Liu, Zhihao"]
[Black "Plagnaud, Jean Luc"]
[Result "1/2-1/2"]
[WhiteElo "1540"]
[BlackElo "1933"]
[PlyCount "45"]
[EventDate "2001.10.01"]
[EventType "tourn (corr)"]
[EventRounds "6"]
[SourceTitle "Corr 2008"]
[Source "ChessBase"]
[SourceDate "2008.06.24"]
[SourceVersion "1"]
[SourceVersionDate "2008.06.24"]
[SourceQuality "1"]

1. d4 d5 2. c4 e6 3. Nc3 c6 4. e4 dxe4 5. Nxe4 Bb4+ 6. Bd2 Qxd4 7. Bxb4 Qxe4+ 8. Be2 Nd7 9. Nf3 b6 10. Nd2 Qf4 11. Bf3 Ne5 12. Ne4 Nxf3+ 13. gxf3 c5 14. Bd2 Qc7 15. Bc3 f6 16. Qd2 Bb7 17. Qd6 Qe7 18. 0-0-0 Kf8 19. Rd3 e5 20. Rhd1 Qxd6 21. Rxd6 Bxe4 22. fxe4 Ne7 23. b4 1/2-1/2

[Event "IECG CP.2001.P.00022"]
[Site "IECG email"]
[Date "2001.10.01"]
[Round "?"]
[White "Trani, Francesco"]
[Black "Plagnaud, Jean Luc"]
[Result "1-0"]
[WhiteElo "2058"]
[BlackElo "1933"]
[PlyCount "77"]
[EventDate "2001.10.01"]
[EventType "tourn (corr)"]
[EventRounds "6"]
[SourceTitle "Corr 2008"]
[Source "ChessBase"]
[SourceDate "2008.06.24"]
[SourceVersion "1"]
[SourceVersionDate "2008.06.24"]
[SourceQuality "1"]

1. e4 e5 2. Nf3 Nc6 3. Nc3 Nf6 4. g3 Bb4 5. Bg2 d6 6. d3 0-0 7. 0-0 h6 8. h3 Be6 9. a3 Bxc3 10. bxc3 Qd7 11. Kh2 b5 12. Re1 Rab8 13. d4 Bc4 14. a4 a6 15. Nd2 Na5 16. axb5 Qxb5 17. d5 Nd7 18. Rxa5 Qxa5 19. Nxc4 Qxc3 20. Ne3 Rb1 21. Qe2 Ra8 22. Bd2 Rxe1 23. Bxe1 Qc5 24. Nf5 Nf6 25. Qf3 Qxc2 26. Nxh6+ Kf8 27. Nf5 a5 28. Qe3 Ng8 29. f4 g6 30. Nh4 exf4 31. Qxf4 Kg7 32. Qf3 Ne7 33. Bc3+ Kf8 34. Qf6 Ke8 35. Bd4 Rc8 36. Qh8+ Kd7 37. Qg7 Ke8 38. Bf6 Qf2 39. Nf3 1-0